LEADER 02618nam 22005175 450 001 9910254749303321 005 20200706232336.0 010 $a1-4842-1857-4 024 7 $a10.1007/978-1-4842-1857-0 035 $a(CKB)3710000000765484 035 $a(DE-He213)978-1-4842-1857-0 035 $a(MiAaPQ)EBC4603744 035 $a(PPN)194517357 035 $a(EXLCZ)993710000000765484 100 $a20160714d2016 u| 0 101 0 $aeng 135 $aurnn|008mamaa 181 $ctxt$2rdacontent 182 $cc$2rdamedia 183 $acr$2rdacarrier 200 10$aPenetration Testing Basics$b[electronic resource] $eA Quick-Start Guide to Breaking into Systems /$fby Ric Messier 205 $a1st ed. 2016. 210 1$aBerkeley, CA :$cApress :$cImprint: Apress,$d2016. 215 $a1 online resource (XV, 114 p. 41 illus., 34 illus. in color.) 300 $aIncludes index. 311 $a1-4842-1856-6 327 $a1. What Is Penetration Testing? -- 2. Digging for Information -- 3. What?s Open? -- 4. Vulnerabilities -- 5. Exploitation -- 6. Breaking Web Sites -- 7. Reporting. 330 $aPenetration testing is the act of attempting to break into systems, networks, and software in order to determine where the bad guys might get in. By reading this book, you'll gain the foundations of a simple methodology used to perform penetration testing on systems and networks for which you are responsible. Penetration Testing Basics explains: How to identify security vulnerabilities How to use some of the top security tools in order to identify holes How to read reports from testing tools Common vulnerability types and attacks Common Web-based attacks and exposures as well as recommendations for closing those holes. 606 $aData protection 606 $aComputer programming 606 $aSoftware engineering 606 $aSecurity$3https://scigraph.springernature.com/ontologies/product-market-codes/I28000 606 $aProgramming Techniques$3https://scigraph.springernature.com/ontologies/product-market-codes/I14010 606 $aSoftware Engineering$3https://scigraph.springernature.com/ontologies/product-market-codes/I14029 615 0$aData protection. 615 0$aComputer programming. 615 0$aSoftware engineering. 615 14$aSecurity. 615 24$aProgramming Techniques. 615 24$aSoftware Engineering. 676 $a005.11 700 $aMessier$b Ric$4aut$4http://id.loc.gov/vocabulary/relators/aut$0861748 906 $aBOOK 912 $a9910254749303321 996 $aPenetration Testing Basics$91923090 997 $aUNINA LEADER 05084nam 2200637Ia 450 001 9910957180603321 005 20251116152726.0 010 $a9786610476091 010 $a600-00-0016-2 010 $a1-84977-343-2 024 3 $a9781844070275 035 $a(CKB)1000000000242826 035 $a(EBL)430042 035 $a(OCoLC)466435095 035 $a(SSID)ssj0000284937 035 $a(PQKBManifestationID)11231290 035 $a(PQKBTitleCode)TC0000284937 035 $a(PQKBWorkID)10277603 035 $a(PQKB)11740810 035 $a(MiAaPQ)EBC430042 035 $a(OCoLC)1066563815 035 $a(OCoLC-P)1066563815 035 $a(FlBoTFG)9781849773430 035 $a(EXLCZ)991000000000242826 100 $a20050921d2005 uy 0 101 0 $aeng 135 $aur|n||||||||| 181 $ctxt 182 $cc 183 $acr 200 00$aTrading in genes $edevelopment perspectives on biotechnology, trade, and sustainability /$fedited by Ricardo Melendez-Ortiz and Vicente Sanchez 205 $aRevised. 210 $aLondon ;$aSterling, VA $cEarthscan$d2005 215 $a1 online resource (321 p.) 300 $aDescription based upon print version of record. 311 08$a1-84407-027-1 320 $aIncludes bibliographical references (p. [275]-284) and index. 327 $aTrading in Genes Development Perspectives on Biotechnology, Trade and Sustainability; Copyright; Contents; List of Boxes, Figures and Tables; List of Acronyms and Abbreviations; List of Contributors; Preface; PART ONE - WEIGHING BIOTECHNOLOGY ON THE SCALES OF SUSTAINABLE DEVELOPMENT; 1 Developing Countries in the Global Bioeconomy: Emerging Issues; 2 From Biotech Innovation to the Market: Economic Factors Driving the South's Competitiveness in Biotechnology; 3 Biotechnology: A Turning Point in Development or an Opportunity that Will Be Missed? 327 $a4 Trade in Biotechnology: Development and the Clash of Collective Preferences 5 Benefiting from Agricultural Biotechnology: Challenges for Developing Countries; 6 Approaching Biotechnology: Experiences from Brazil and Argentina; 7 Addressing Challenges of Tropical Agriculture: Colombia's Cassava Case; PART TWO - TRADE IN BIOTECHNOLOGY: NEW CHALLENGES IN AN OLD PLAYGROUND; 8 Intellectual Property and Biotechnology: Trade Interests of Developing Countries; 9 Closing in on Biopiracy: Legal Dilemmas and Opportunities for the South 327 $a10 Balancing Biosafety and Trade: The Negotiating History of the Cartagena Protocol 11 The Cartagena Protocol on Biosafety: A New Hot Spot in the Trade-Environment Conflict?; 12 Building Sound Governance Structures for the Safe Application of Biotechnology; 13 Regulating Trade in GMOs: Biotechnology and the WTO; 14 The Emerging Global Biotech Trade Regime: A Developing Country Perspective; APPENDICES; I International Legal Frameworks for Biotechnology, Biosafety and Trade; II National Legal Frameworks for Biotechnology, Biosafety and Trade 327 $aIII Pariticipants at the ICTSD dialogue on 'Biotechnology, Biosafety and Trade: Issues for Developing Countries'Selected Readings on Biotechnology, Biosafety and Trade; Index 330 8 $aAnnotation$bFew scientific developments have given rise to as much controversy as biotechnology. Numerous groups are united in their opposition, expressing concern over environmental and health risks, impacts on rural livelihoods, the economic dominance of multinational companies and the ethical implications of crossing species boundaries. Among the supporters of the technology are those that believe in its potential to enhance food security, further economic development, increase productivity and reduce environmental pressures. As a result, countries - and sectors within countries - find themselves at odds with each other while potential opportunities for development offered by the use of biotechnology are seized or missed, and related risks go unmanaged. This book, a unique interdisciplinary collection of perspectives from the developing world, examines the ongoing debate. Writing for the International Centre for Trade and Sustainable Development, leading experts address issues such as diffusion of technology, intellectual property rights, the Cartagena Protocol, impacts of international trade, capacity building and biotechnology research and regulation. With the most recent and relevant examples from around the world, Trading in Genes offers the reader a single-volume overview of the connections between biotechnology, trade and sustainability that is both wide-ranging and thorough. 606 $aBiotechnology$zDeveloping countries 606 $aBiotechnology industries$zDeveloping countries 615 0$aBiotechnology 615 0$aBiotechnology industries 676 $a382/.456606 701 $aMele?ndez-Ortiz$b Ricardo$0567758 701 $aSa?nchez$b Vicente$01878445 801 0$bMiAaPQ 801 1$bMiAaPQ 801 2$bMiAaPQ 906 $aBOOK 912 $a9910957180603321 996 $aTrading in genes$94491158 997 $aUNINA